| 000 | 00615cam a2200205 4500 | ||
|---|---|---|---|
| 082 |
_a358.4 _bSPA _cD |
||
| 100 | 1 |
_aSpaight, J. M. _949842 |
|
| 245 | 1 | 0 |
_aAir power in the next war, _cby J. M. Spaight. |
| 260 |
_aLondon, _bG. Bles _c[1938] |
||
| 300 |
_aviii p., 1 l., 181 [1] p. _c21 cm. |
||
| 490 | 1 | _aThe next war | |
| 500 | _a"First published in 1938." | ||
| 526 |
_a0 _b0 _c0 _d358_400000000000000_SPA |
||
| 650 | 0 |
_aAeronautics, Military. _949493 |
|
| 650 | 0 |
_aBombardment. _949843 |
|
| 650 | 0 |
_aMCE _9379 |
|
| 650 | 0 | _aWar. | |
| 650 | 0 |
_aWorld War, 1914-1918 _xAerial operations. _949588 |
|
| 942 |
_2ddc _cBK |
||
| 999 |
_c552588 _d552588 |
||